00840nam a2200181 a 450000100100000000500170001000800410002704000250006808200150009310000450010824501340015326000520028730000210033950000470036070000430040795201910045099900170064100004637120201002052825.0150805s1983 pr 000 0 spa d aDO-SdBNPbspacBNPHU axxxxbxxxx1 aPiñeiro de Rivera, Flor,d1922-97439610aLiteratura infantil caribeña :bPuerto Rico, República Dominicana y Cuba /cFlor Piñeiro de Rivera, Isabel Freire de Matos. aHato Rey, Puerto Rico :bBoriken Libros,c1983. a123 p. ;c21 cm. aIncluye datos biográficos de las autoras12aFreire de Matos, Isabel,d1915-974397 001050718MOaPDbPDcHDd2015-08-05iLF1l0oxxxx xxxxp46371-10r2020-06-25w2020-06-25y1zPerteneció a la biblioteca personal de Chiqui Vicioso / Fidelio Despradel.ZNo se presta c45860d45860